Statistics for Metallica A-Z

Click here to take the quiz!

General Stats

  • This quiz has been taken 1,542 times
    (1,539 since last reset)
  • The average score is 18 of 26

Answer Stats

HintAnswer% Correct
PMaster of P   Puppets
96%
J...And J    For AllJustice
95%
CBassist who tragically died in1986Cliff Burton
94%
EFirst single from the 'black' albumEnter Sandman
94%
KTitle of their first studio albumKill 'Em All
91%
MBand formed by original member Dave MustaineMegadeth
90%
RTitle of their second studio albumRide the Lightning
89%
UDrummer Lars' surnameUlrich
88%
DTitle of the ninth studio albumDeath Magnetic
85%
HTitle of their tenth studio albumHardwired... To Self-Destruct
84%
NOne of their most well known songs, it has been covered over 100 timesNothing Else Matters
84%
OAnti war songOne
84%
GTitle of 1998 cover albumGarage Inc.
82%
YWord James Hetfield is famous for using in his lyricsYeah!
77%
LCollaboration album with Lou Reed released in 2011Lulu
75%
BSong title and name of their own record labelBlackened
72%
TThey were one of the founding bands of this sub-genre of metalThrash
66%
AName of the bands charity and a song from St. AngerAll Within My Hands
57%
SSecond most performed songSeek and Destroy
57%
WFirst single released in 1983Whiplash
56%
ISong that appeared in Mission: Impossible 2I Disappear
55%
QLive DVD released in 2012, filmed in a Canadian cityQuebec Magnetic
50%
XThey performed at this extreme sports event in 2015 in Austin, TexasX Games
30%
FName of the Metallica fan clubFifth Member
26%
VSong with the lyrics 'I am the table' - 'The V'View
25%
ZMan who founded Megaforce Records to release their debut albumJon Zazula
14%

Score Distribution

Percentile by Number Answered

Percent of People with Each Score

Your Score History

You have not taken this quiz since the last reset